Estudio de las proteínas del suero humano por medio de la electroforesis en papel

Saved in:
Bibliografiske detaljer
Hovedforfatter: Morales Malva, Juan A. (autor)
Format: Bog
Sprog:spansk
Udgivet: Santiago Universitaria 1958
Fag:
Tags: Tilføj Tag
Ingen Tags, Vær først til at tagge denne postø!

MARC

LEADER 00000nam a2200000 a 4500
001 UCT2283
003 CL-VaPUC
008 961011e19580000CL |||||||||||||||||spa|d
082 0 4 |a 541.372  |b MOR  |2 21 
100 |a Morales Malva, Juan A.  |e autor  |9 371335 
245 1 0 |a Estudio de las proteínas del suero humano por medio de la electroforesis en papel 
300 |a 169 p 
942 |c BK 
945 |d 19961011 00:00:00  |a paguirre 
260 |a Santiago  |b Universitaria  |c 1958 
650 7 |a PROTEINAS  |2 CL-VaPUC  |9 371336 
650 7 |a PLASMA SANGUINEO  |2 CL-VaPUC  |9 361621 
650 7 |a ELECTROFORESIS  |2 CL-VaPUC  |9 261799 
650 0 |a Química analítica  |9 259648 
650 0 |a Electroquímica  |9 263973 
583 |a last modification  |c 19961011 00:00:00  |k Rodrigo Vera 
999 |c 252456  |d 252454 
952 |0 0  |1 0  |4 0  |6 541_372000000000000_MOR_1958  |7 0  |8 A  |9 272330  |a BIBCUR  |b BIBCUR  |d 2019-11-19  |i 1759612  |o 541.372 MOR 1958  |p 1759612  |r 2025-04-22  |w 2019-11-19  |y BK  |k BCB